Prezentacija knyžky pro Vasylja Kapišovs'koho ne obijšlas' bez ostrych kutiv

Bibliographic Details
Format: Article
Language:Ukrainian
PhysicalDescription:Fotogr.
Subjects:

MARC

LEADER 00000nab a2200000 a 4500
001 vtls011618152
003 SK-MaSNL
005 20260318122044.0
008 170316c2016 xo er n ||00 c0ukr
015 |a SNBRB2017/03 
038 |a SVKPOCL 
040 |a SVKPOCL  |b slo  |c SVKPOCL  |e AACR2 
041 0 |a ukr 
044 |a xo  |c SK 
080 |a 37.011.3-051:002.1  |2 2011 
080 |a 316.022.4(=161.2)(437.6)  |2 2011 
080 |a (=161.2)  |2 2011 
080 |a (437.671)  |2 2011 
080 |a (437.6)  |2 2011 
080 |a 002.1(=162.4)  |2 2011 
080 |a 82.09  |2 2011 
245 0 0 |a Prezentacija knyžky pro Vasylja Kapišovs'koho ne obijšlas' bez ostrych kutiv  |c [autor] -r- 
300 |b Fotogr. 
500 |a V rubrike Z krajiny i kraju 
500 |a Kniha Vasiľ Kapišovský. Osobnosť činorodej práce/ Michal Škurla. - Prešov : Adin, 2016 
600 1 7 |a Kapišovský, Vasiľ,  |d 1914-2002  |2 SNKMA  |9 48951 
600 1 7 |a Škurla, Michal,  |d 1942-  |t Osobnosť činorodej práce  |2 svkpocl  |9 1590782 
648 7 |a 16.11.2016  |2 svkpocl  |9 1575528 
650 0 7 |a publikácie  |2 SNKPH  |9 19587 
650 0 7 |a politici  |2 SNKPH  |9 2679 
650 0 7 |a pedagógovia  |2 SNKPH  |9 18561 
650 0 7 |a biografia  |2 SNKPH  |9 71085 
650 0 7 |a literárnovedné rozbory  |2 SNKPH  |9 241582 
651 7 |a Československo  |2 SNKPH  |9 21376 
651 7 |a Prešov (Slovensko)  |2 SNKPH  |9 17347 
773 0 |t Nove žyttja  |g Roč. 66, č. 24 (2016), s. 3 
852 |a SVKPO  |b KIS3GCP 
958 |a BX 
958 |a UK 
958 |a SK 
999 |c 3263115  |d 3265045